| 000 | 00828nam a2200277 i 4500 | ||
|---|---|---|---|
| 003 | EG-GICUC | ||
| 005 | 20260127142208.0 | ||
| 008 | 260127s1955 -ukab||fr|||| 001 0 eng d | ||
| 040 |
_aEG-GiCUC _beng _cEG-GiCUC _dEG-GiCUC _erda |
||
| 041 | 0 | _aeng | |
| 082 | 0 | 4 |
_221 _a341.810531 _bPH . S |
| 092 | 0 | 4 | _221 |
| 099 | _aLaw1 12 341.810531 PH . S 1955 | ||
| 100 | 1 |
_aPhilby,John _eAuthor. |
|
| 245 | 1 | 4 |
_aSaudi Arabia / _cBy H. St. John Philby. |
| 264 |
_aLondon : _bErnest Benn Limited, _c1955. |
||
| 300 |
_a393 page, _c24 cm. |
||
| 336 |
_2rda content _atext |
||
| 337 |
_2rda media _aComputer |
||
| 338 |
_2rda carrier _aOnline Resource |
||
| 546 | _aText in English | ||
| 650 | 1 | 4 | _aPrivate international law |
| 856 | 4 | 0 | _uhttps://fll.law.cu.edu.eg/fulltext/bks/B12-02040.pdf |
| 905 | _a48 | ||
| 942 |
_2ddc _cBK _e21 _n0 |
||
| 999 |
_c59595 _d59595 |
||